000 00481nam a2200181Ia 4500
001 13679
005 20260306164819.0
008 260306t2021||||xx |||||||||||||| ||spa||
041 _aESP
082 _a005.13
_bD35
100 _aDe Brouwer, Philippe J. S.
_eAUT
245 4 _aThe big R-book:
_bfrom data science to learning machines and big data
260 _c2021
300 _axxxiii, 892 páginas :
_c28 cm.
650 _aGEN
654 _aCCC
942 _cLIB
_dJUS
_fJUS
_2ddc
_n
999 _c13679
_d13679